00906cam a22002531 450000100060000000300080000600500170001400800410003103500190007203500180009104000470010904100080015608200220016410000250018624500850021126000390029630000320033565000470036765100400041470000300045494200120048499900170049695201390051324786BD-RjUL20211209001110.0140315s1943 enk 000 0 eng d a(BD-RjUL)24855 a(OCoLC)479056 aDLCcOKentUdOCoLCdScUdDLCdBD-RjULbeng aeng00a330.904bMOU 19431 aMonte, Hilda.97630614aThe unity of Europe /cby Hilda Monte, with an introduction by H. N. Brailsford. aLondon :bV. Gollancz ltd.,c1943. a196 p. :bdiagrs. ;c19 cm. 0aReconstruction (1939-1951)zEurope.930890 0aEuropexEconomic conditions.9763071 a Brailsford, H. N.976308 2ddccBK c24786d24786 00102ddc40728NFICaRUCLbRUCLcReadingd1974-03-28eB. N. C. C Giftl0o330.904 MOU 1943r2014-03-15 00:00:00tC-1w2014-03-15yBK